ბათუმის შოთა რუსთაველის სახელმწიფო უნივერსიტეტის ბიბლიოთეკა

მექანიკური რხევების გამოყენებითი თეორიის საფუძვლები და მანქანათა დინამიკა : სახელმძღ. / (ბიბ.ჩანაწერი № 38403)

000 -ლიდერი
ფიქსირებული სიგრძის საკონტროლო ველი 01129nam a2200217Ia 4500
001 - საკონტროლო ნომერი
საკონტროლო ველი 4414
003 - საკონტროლო ნომრის იდენტიფიკატორი
საკონტროლო ველი GE_BSU
005 - ბოლო ოპერაციის თარიღი და დრო
საკონტროლო ველი 20190517152506.0
008 - ფიქსირებული სიგრძის მონაცემთა ელემენტები - ზოგადი ინფორმაცია
ფიქსირებული სიგრძის საკონტროლო ველი 181216s1981||||ge |||||||||||||| ||geo||
040 ## - კატალოგიზაციის წყარო
Transcribing agency GE_BSU
041 ## - ენის კოდი
Language code of text/sound track or separate title geo
080 ## - უნივერსალური ათობითი კლასიფიკაციის ინდექსი
Universal Decimal Classification number 534(075.8) ხ–48
100 ## - მთავარი ჩანაწერი - პიროვნების სახელი
Personal name ხვინგია, მ.
9 (RLIN) 1303
245 ## - ცნობა სათაურის შესახებ
Title მექანიკური რხევების გამოყენებითი თეორიის საფუძვლები და მანქანათა დინამიკა : სახელმძღ. /
Statement of responsibility, etc მ . ხვინგია ; რედ : ლ. მაღულარია.
264 ## - წარმოების, გამოცემის, დისტრიბუციის და სხვა ცნობები
გამოცემის, წარმოების, დისტრიბუციის... ადგილი თბილისი
გამოცემის, წარმოების, დისტრიბუციის... სახელწოდება განათლება,
გამოცემის, წარმოების, დისტრიბუციის... თარიღი 1981.
300 ## - ფიზიკური აღწერა
Extent 455 გვ :.
Other physical details ილ ;
Dimensions 20 სმ.
653 ## - INDEX TERM--UNCONTROLLED
Uncontrolled term მექანიკური რხევების გამოყენებითი თეორიის საფუძვლები და მანქანათა დინამიკა
653 ## - INDEX TERM--UNCONTROLLED
Uncontrolled term ფიზიკა
700 ## - ADDED ENTRY--PERSONAL NAME
Personal name მაღულარია, ლ
Relator term რედაქტორი
9 (RLIN) 1304
942 ## - ADDED ENTRY ELEMENTS (KOHA)
Koha item type წიგნი
Source of classification or shelving scheme
ეგზემპლარები
ჩამოწერის სტატუსი დაკარგული ეგზემპლარის სტატუსი კლასიფიკაციის წყარო ან თაროზე გაწყობის სქემა დაზიანების სტატუსი არ გაიცემა მუდმივი მდებარეობა (დაცვის ადგილი) ამჟამინდელი ადგილსამყოფელი თაროზე განთავსების ადგილი შეძენის თარიღი ღირებულება, შესყიდვის ნორმალური ფასი სრული შენახვის შიფრი შტრიხკოდი ბოლო ოპერაციის თარიღი ეგზემპლარის მიმდევრობითი ნომერი (კეტერი?) ფასის ძალაში შესვლის თარიღი ეგზემპლარის სახეობა საჯარო შენიშვნა
          ტექნოლოგიური ფაკულტეტის ბიბლიოთეკა ტექნოლოგიური ფაკულტეტის ბიბლიოთეკა წიგნსაცავი 2018-12-17 2.00 534(075.8) ხ–48 8665 2018-12-17 8665 2018-12-17 წიგნი 2 ლ.40 თ.
          ტექნოლოგიური ფაკულტეტის ბიბლიოთეკა ტექნოლოგიური ფაკულტეტის ბიბლიოთეკა წიგნსაცავი 2018-12-17 2.00 534(075.8) ხ–48 8666 2018-12-17 8666 2018-12-17 წიგნი 2 ლ. 40 თ.
          ტექნოლოგიური ფაკულტეტის ბიბლიოთეკა ტექნოლოგიური ფაკულტეტის ბიბლიოთეკა წიგნის კალათა 2018-12-17 2.00 534(075.8) ხ–48 8667 2018-12-17 8667 2018-12-17 წიგნი 2 ლ. 40 თ.